Obras completas

Guardat en:
Dades bibliogràfiques
Autor principal: Castro, Rosalía de (autora)
Format: Llibre
Idioma:espanyol
Publicat: Madrid Aguilar 1952
Edició:3a. ed
Matèries:
Etiquetes: Afegir etiqueta
Sense etiquetes, Sigues el primer a etiquetar aquest registre!

MARC

LEADER 00000cam a2200000 a 4500
001 UCX5338
003 CL-VaPUC
008 921023e19520000SP |||||||||||||||||spa|d
082 0 4 |a 861  |b CAS  |2 21 
100 |a Castro, Rosalía de  |e autora  |9 321607 
245 1 0 |a Obras completas 
250 |a 3a. ed 
300 |a 1571 p 
942 |c BK 
945 |d 19921023 00:00:00 
260 |a Madrid  |b Aguilar  |c 1952 
600 0 |a Castro, Rosalía de  |9 321608 
650 0 |a Poesías españolas  |9 265100 
650 0 |a Novelas españolas  |9 265052 
650 0 |a Crítica e interpretación   |9 255042 
583 |a last modification  |c 20130829 06:16:17  |k Rodrigo Vera 
999 |c 225614  |d 225612 
952 |0 0  |1 0  |4 0  |6 861_000000000000000_CAS_1952  |7 0  |8 R  |9 223303  |a BIBEDU  |b BIBEDU  |d 2019-11-15  |i 2921235  |l 1  |o 861 CAS 1952  |p 2921235  |r 2023-01-13  |s 2022-04-13  |w 2019-11-15  |y BK_R  |k LIT 
952 |0 0  |1 0  |3 erb  |4 0  |6 861_000000000000000_CAS_1952  |7 0  |8 R  |9 223304  |a BIBEDU  |b BIBEDU  |c MCIRC  |d 2019-11-15  |i 4997107  |l 2  |m 2  |o 861 CAS 1952  |p 4997107  |r 2024-10-29  |s 2024-10-11  |w 2019-11-15  |y BK_R  |z Catalogado en:20130829  |k LIT